Las Ramblas de Barcelona / Antonio Ros Torner
Descripción Física:
15 p. ; 21 cm
Materias:
Rambla (Barcelona)
MARC
| LEADER | 00000nam a2200000Ia 4500 | ||
|---|---|---|---|
| 001 | 9373 | ||
| 008 | 160829s9999 xx 000 0 cat d | ||
| 080 | |a FU-10-44 | ||
| 100 | |a Ros Torner, Antonio |9 25493 | ||
| 245 | |a Las Ramblas de Barcelona / Antonio Ros Torner | ||
| 260 | |a [Barcelona : |b (Gráficas Europeas), dl 1973] | ||
| 300 | |a 15 p. ; |c 21 cm | ||
| 650 | |a Rambla (Barcelona) |9 25494 | ||
| 901 | |a Arxiu | ||
| 942 | |n 1 | ||
| 952 | |0 0 |1 0 |4 0 |6 FU1044 |7 1 |9 43645 |a Arxiu |b Arxiu |d 2016-12-01 |l 0 |o FU-10-44 |p 9373 |r 2016-12-01 00:00:00 |w 2016-12-01 |y ARXIU | ||
| 999 | |c 46193 |d 46193 | ||